000 00662nam a2200241Ia 4500
003 OSt
005 20221007110300.0
006 a|||||r|||| 00| 0
007 ta
008 221006b |||||||| |||| 00| 0 eng d
024 _a20,789
037 _cTextual
040 _aLCO
_cLCO
_beng
041 _2eng
_aeng
082 _aZ1,215, L3
100 _aAgarwal Narmada M.
_9707302
245 0 _aMerchant Shipping Legislation in India and U.K
260 _aBombay
_bUniversity of Bombay India
_c1973
300 _a341
650 _aMERCHANT SHIPPING
_9707303
942 _hZ1,215, L3
_cTEXL
999 _c1190352
_d1190352